NLSUI OPAC header image

Transforming legal education : (Record no. 27052)

MARC details
000 -LEADER
fixed length control field 01170cam a22003014a 4500
001 - CONTROL NUMBER
control field 14824098
005 - DATE AND TIME OF LATEST TRANSACTION
control field 20260612134226.0
008 - FIXED-LENGTH DATA ELEMENTS--GENERAL INFORMATION
fixed length control field 070426s2007 vtua b 001 0 eng
010 ## - LIBRARY OF CONGRESS CONTROL NUMBER
LC control number 2007017571
020 ## - INTERNATIONAL STANDARD BOOK NUMBER
International Standard Book Number 9780754649700 (hbk.)
035 ## - SYSTEM CONTROL NUMBER
System control number 14824098
040 ## - CATALOGING SOURCE
Original cataloging agency DLC
Transcribing agency DLC
Modifying agency DLC
043 ## - GEOGRAPHIC AREA CODE
Geographic area code e-uk---
-- n-us---
082 ## - DEWEY DECIMAL CLASSIFICATION NUMBER
Classification number 340.071 MAH
100 1# - MAIN ENTRY--PERSONAL NAME
Personal name Maharg, Paul.
245 10 - TITLE STATEMENT
Title Transforming legal education :
Remainder of title learning and teaching the law in the early twenty-first century /
Statement of responsibility, etc. Paul Maharg.
260 ## - PUBLICATION, DISTRIBUTION, ETC.
Place of publication, distribution, etc. Burlington, VT :
Name of publisher, distributor, etc. Ashgate,
Date of publication, distribution, etc. 2007.
300 ## - PHYSICAL DESCRIPTION
Extent xi, 346 p. :
Other physical details ill. ;
Dimensions 24 cm.
365 ## - TRADE PRICE
Price amount Rs. 4,693
505 0# - Contents
Contents Inter disciplines;<br/>Limitation;<br/>Metaverse.<br/><br/>
650 #0 - SUBJECT ADDED ENTRY--TOPICAL TERM
Topical term or geographic name entry element Law
General subdivision Study and teaching
Geographic subdivision Great Britain.
650 #0 - SUBJECT ADDED ENTRY--TOPICAL TERM
Topical term or geographic name entry element Law
General subdivision Study and teaching
Geographic subdivision United States.
856 41 - ELECTRONIC LOCATION AND ACCESS
Materials specified Table of contents
Uniform Resource Identifier <a href="http://www.loc.gov/catdir/toc/ecip0716/2007017571.html">http://www.loc.gov/catdir/toc/ecip0716/2007017571.html</a>
906 ## - LOCAL DATA ELEMENT F, LDF (RLIN)
a 7
b cbc
c orignew
d 1
e ecip
f 20
g y-gencatlg
942 ## - ADDED ENTRY ELEMENTS (KOHA)
Source of classification or shelving scheme Dewey Decimal Classification
Koha item type BOOKs
Holdings
Withdrawn status Lost status Source of classification or shelving scheme Damaged status Not for loan Home library Current library Shelving location Date acquired Cost, normal purchase price Total Checkouts Full call number Barcode Date last seen Price effective from Koha item type
    Dewey Decimal Classification     NLS NLS General Stacks 30/05/2017 4693.00   340.071 MAH 24082 30/05/2017 30/05/2017 BOOKs